| 000 | 00465nam a2200169Ia 4500 | ||
|---|---|---|---|
| 008 | 230125s9999 xx 000 0 und d | ||
| 041 | _aeng | ||
| 082 |
_a658.31 _bDAN |
||
| 100 |
_aDangare V B, Ed. _9114955 |
||
| 245 | _aSouvenir : National institute of personnel management | ||
| 260 |
_c2005 _bNIPM _aNashik |
||
| 300 | _a100p | ||
| 500 | _aPersonnel Management | ||
| 650 | _aPersonnel management | ||
| 700 |
_aDangare V B, Ed. _9114955 |
||
| 999 |
_c92642 _d92642 |
||